Statistics for Ligue 1 Scorers 2012-2013

Click here to take the quiz!

General Stats

  • This quiz has been taken 329 times
  • The average score is 3 of 10

Answer Stats

RankGoalPlayer% Correct
130Zlatan Ibrahimovic
98%
913André-Pierre Gignac
62%
416Bafétimbi Gomis
55%
219Pierre-Emerick Aubameyang
30%
515Wissam Ben Yedder
27%
814Salomon Kalou
26%
319Dario Cvitanich
18%
615Jérémie Aliadière
11%
715Anthony Modeste
5%
1013Saber Khalifa
5%

Score Distribution

Percentile by Number Answered

Percent of People with Each Score

Your Score History

You have not taken this quiz